000 01018cam a22003137a 4500
003 CHAP
005 20220329134119.0
008 971013s1951 r 00010 d
010 _a15579
011 _a16551
035 _a20631
040 _cCHAP
082 _a634
_bG78
100 0 0 _aGrunberg, Isaac P.
_950853
245 1 3 _aEl monte frutal casero
250 _a2 ed.
260 _aBuenos Aires :
_b(s.e.),
_c1951
300 _a391 p.
_b: ilus
590 _aBATCH-UPD
_b10
_c20130110
_lUCH01
_h2003
590 _aCONVERSION
_b10
_c20130109
_lUCH01
_h1310
650 1 4 _aFruticultura.
_943684
901 _aBK
942 _cLIBRO
949 _a634 G78
_bBC
_cLIBRO
_d-48169
_eLIBRO
_fc.2
_h22921
_i20631
_si
949 _a634 G78
_bBC
_cLIBRO
_d33724000219747
_eLIBRO
_fc.5
_h22923
_i20631
_si
949 _a634 G78
_bBC
_cLIBRO
_d33724000219853
_eLIBRO
_fc.4
_h22922
_i20631
_si
949 _a634 G78
_bBC
_cLIBRO
_d33724000219861
_eLIBRO
_fc.3
_h22921
_i20631
_si
949 _a634 G78
_bBC
_cLIBRO
_d33724000219879
_eLIBRO
_h22920
_i20631
_si
999 _c15579
_d15579